ARRUPE JESUIT UNIVERSITY

CORONAVIRUS -STOP THE SPREAD - CLEAN,DISINFECT,COVER

Ecce homo (Record no. 16005)

MARC details
000 -LEADER
fixed length control field 00512nam a2200217Ia 4500
003 - CONTROL NUMBER IDENTIFIER
control field 0100
008 - FIXED-LENGTH DATA ELEMENTS--GENERAL INFORMATION
fixed length control field 130303s9999 xx 000 0 und d
020 ## - INTERNATIONAL STANDARD BOOK NUMBER
International Standard Book Number 0140443932
040 ## - CATALOGING SOURCE
Transcribing agency ARRUPELIB
050 ## - LIBRARY OF CONGRESS CALL NUMBER
Classification number B3316.N54A3413
300 ## - PHYSICAL DESCRIPTION
Other physical details 19cm.
100 ## - MAIN ENTRY--PERSONAL NAME
Personal name Nietzsche, Friedrich
245 ## - TITLE STATEMENT
Title Ecce homo
245 ## - TITLE STATEMENT
Remainder of title how one becomes what one is
260 ## - PUBLICATION, DISTRIBUTION, ETC. (IMPRINT)
Place of publication, distribution, etc England
260 ## - PUBLICATION, DISTRIBUTION, ETC. (IMPRINT)
Name of publisher, distributor, etc Penguin Books
300 ## - PHYSICAL DESCRIPTION
Extent 140p.
650 ## - SUBJECT ADDED ENTRY--TOPICAL TERM
Topical term following geographic name as entry element Philosophy, Ancient
700 ## - ADDED ENTRY--PERSONAL NAME
Personal name Hollingdale, R. J. tr.
942 00 - ADDED ENTRY ELEMENTS (KOHA)
Koha issues (borrowed), all copies 16
Holdings
Withdrawn status Lost status Source of classification or shelving scheme Damaged status Not for loan Collection code Home library Current library Shelving location Date acquired Total Checkouts Full call number Barcode Date last seen Date checked out Copy number Price effective from Koha item type
    Library of Congress Classification     Main Collection ARRUPE LIBRARY ARRUPE LIBRARY   04/03/2013 14 B3316.N54A3413 46003012812 17/03/2015 03/03/2015 1 04/03/2013 Monograph ( Printed materials)
    Library of Congress Classification     Main Collection ARRUPE LIBRARY ARRUPE LIBRARY   04/03/2013 1 B3316.N54A3413 46003012511 12/01/2015 02/09/2014 2 04/03/2013 Monograph ( Printed materials)

 

Arrupe Library. PO Box MP320 Mt Pleasant, Harare, Zimbabwe
263 242 745411|librarian@aju.ac.zw